Estatísticas para Estações do Metrô de Porto Alegre

Clique aqui para jogar o quiz

Estatísticas Gerais

  • Esse quiz foi jogado 51 vezes
  • A pontuação média é 17 de 22

Estatísticas das Respostas

MunicípioEstação% Correto
CanoasCanoas/La Salle
100%
EsteioEsteio
100%
Porto AlegreMercado
100%
Novo HamburgoNovo Hamburgo
100%
Porto AlegreAeroporto
97%
São LeopoldoSão Leopoldo
97%
Sapucaia do SulSapucaia
94%
Porto AlegreRodoviária
88%
Porto AlegreAnchieta
84%
Porto AlegreFarrapos
84%
CanoasFátima
81%
CanoasMathias Velho
75%
CanoasSão Luís/Ulbra
75%
Porto AlegreSão Pedro
72%
CanoasNiterói
69%
São LeopoldoUnisinos
69%
CanoasPetrobrás
66%
Novo HamburgoFenac
56%
Sapucaia do SulLuiz Pasteur
53%
Novo HamburgoIndustrial
44%
São LeopoldoRio dos Sinos
41%
Novo HamburgoSanto Afonso
31%

Distribuição das Pontuações

Percentil de Números Respondidos

Porcentagem de Pessoas com Cada Pontuação

Sua Pontuação Histórica

Você não jogou esse quiz